header

Birth as an American rite of passage (Record no. 243569)

MARC details
000 -LEADER
fixed length control field 01411nam a2200361 a 4500
082 04 - DEWEY DECIMAL CLASSIFICATION NUMBER
Classification number 618.4/01/9
100 1# - MAIN ENTRY--AUTHOR NAME
Personal name Davis-Floyd, Robbie.
245 10 - TITLE STATEMENT
Title Birth as an American rite of passage
250 ## - EDITION STATEMENT
Edition statement 2nd ed., with a new pref.
260 ## - PUBLICATION, DISTRIBUTION, ETC. (IMPRINT)
Place of publication Berkeley, Calif. :
Name of publisher University of California Press,
Year of publication 2003.
300 ## - PHYSICAL DESCRIPTION
Number of Pages xlii, 382 p.
650 #0 - SUBJECT ADDED ENTRY--TOPICAL TERM
Topical Term Childbirth
Topical Term Childbirth
Topical Term Rites and ceremonies
856 40 - ELECTRONIC LOCATION AND ACCESS
Uniform Resource Identifier http://site.ebrary.com/lib/rucke/Doc?id=10535637

No items available.

© 2026 Rongo University
Contact us: librarian | system librarian | Rongo university